ბათუმის შოთა რუსთაველის სახელმწიფო უნივერსიტეტის ბიბლიოთეკა

თხზულებანი : 8 ტომადტ. 4 : არსენა მარაბდელი (ბიბ.ჩანაწერი № 49186)

000 -LEADER
fixed length control field 01091nam a2200229Ia 4500
001 - CONTROL NUMBER
control field 16097
003 - CONTROL NUMBER IDENTIFIER
control field GE_BSU
008 - FIXED-LENGTH DATA ELEMENTS--GENERAL INFORMATION
fixed length control field 181216s||||||||xx |||||||||||||| ||und||
040 ## - CATALOGING SOURCE
Transcribing agency GE_BSU
080 ## - UNIVERSAL DECIMAL CLASSIFICATION NUMBER
Universal Decimal Classification number 821.353.1-31
100 ## - MAIN ENTRY--PERSONAL NAME
Personal name ჯავახიშვილი, მ. (მიხეილ, 1880-1937)
245 ## - TITLE STATEMENT
Title თხზულებანი : 8 ტომადტ. 4 : არსენა მარაბდელი
245 ## - TITLE STATEMENT
Remainder of title რომანი
245 ## - TITLE STATEMENT
Statement of responsibility, etc. გამოსაც. მოამზადა და შენიშვნები დაურთო ლ. მეგრელიშვილმა ; რედ.:გ. მერკვილაძე.სარედ. კოლ.: გ. გვერდწითელი, გ. მერკვილაძე, ბ. ჟღენტი და სხვ
260 ## - PUBLICATION, DISTRIBUTION, ETC.
Place of publication, distribution, etc. თბილისი
260 ## - PUBLICATION, DISTRIBUTION, ETC.
Name of publisher, distributor, etc. საბჭ. საქართველო
260 ## - PUBLICATION, DISTRIBUTION, ETC.
Date of publication, distribution, etc. 1977
300 ## - PHYSICAL DESCRIPTION
Extent 590 გვ.22 სმ.
653 ## - INDEX TERM--UNCONTROLLED
Uncontrolled term არსენა მარაბდელი
653 ## - INDEX TERM--UNCONTROLLED
Uncontrolled term თხზულებანი
942 ## - ADDED ENTRY ELEMENTS (KOHA)
Koha item type წიგნი
ეგზემპლარები
Withdrawn status Lost status Damaged status Not for loan Date acquired Barcode Date last seen Price effective from Koha item type
        2018-12-17 39816 2018-12-17 2018-12-17 წიგნი